[Event "SVK-chT2D 2122"]
[Site "Slovakia"]
[Date "2022.04.30"]
[Round "10.6"]
[White "Heinrich, Jan"]
[Black "Kovalsky, Vladimir"]
[Result "1/2-1/2"]
[WhiteElo "1880"]
[BlackElo "2033"]
[PlyCount "63"]
[EventDate "2021.10.16"]
[EventType "team-tourn"]
[EventRounds "11"]
[EventCountry "SVK"]
[SourceTitle "EXT 2023"]
[Source "ChessBase"]
[SourceDate "2022.10.05"]
[SourceVersion "1"]
[SourceVersionDate "2022.10.05"]
[SourceQuality "1"]
[WhiteTeam "Moldava nad Bodvou"]
[BlackTeam "Margecany"]
[WhiteTeamCountry "SVK"]
[BlackTeamCountry "SVK"]

1. d4 d5 2. Nf3 Nf6 3. c4 e6 4. g3 Be7 5. Bg2 dxc4 6. Qa4+ c6 7. Qxc4 Nbd7 8. 0-0 0-0 9. b3 Qc7 10. Bb2 Bd6 11. Nbd2 Re8 12. Qc2 e5 13. Nc4 exd4 14. Nxd6 Qxd6 15. Nxd4 Nf8 16. e3 Bg4 17. h3 Bh5 18. Qc4 Rad8 19. Nf5 Qe6 20. Qxe6 fxe6 21. Nxg7 Kxg7 22. g4 e5 23. gxh5 Nxh5 24. Rad1 Ng6 25. Be4 Rxd1 26. Rxd1 Nf6 27. Bg2 Kf7 28. Kf1 Ke6 29. Ke2 Nd5 30. Be4 Re7 31. a3 Nf6 32. Bc2 1/2-1/2

[Event "SVK-chT2D 2122"]
[Site "Slovakia"]
[Date "2022.03.05"]
[Round "6.5"]
[White "Timko, Milan"]
[Black "Heinrich, Jan"]
[Result "1-0"]
[WhiteElo "2022"]
[BlackElo "1880"]
[PlyCount "95"]
[EventDate "2021.10.16"]
[EventType "team-tourn"]
[EventRounds "11"]
[EventCountry "SVK"]
[SourceTitle "EXT 2023"]
[Source "ChessBase"]
[SourceDate "2022.10.05"]
[SourceVersion "1"]
[SourceVersionDate "2022.10.05"]
[SourceQuality "1"]
[WhiteTeam "Kosice 1 CC"]
[BlackTeam "Moldava nad Bodvou"]
[WhiteTeamCountry "SVK"]
[BlackTeamCountry "SVK"]

1. d4 Nf6 2. Bf4 g6 3. Nc3 Bg7 4. e4 d6 5. Qd2 c6 6. 0-0-0 0-0 7. Bh6 b5 8. f3 b4 9. Nce2 Qa5 10. Kb1 Bxh6 11. Qxh6 Qh5 12. Qd2 a5 13. Nf4 Qh6 14. Nd5 Qxd2 15. Nxe7+ Kg7 16. Rxd2 Ba6 17. Bxa6 Rxa6 18. d5 c5 19. Nh3 Re8 20. Nc6 Nxc6 21. dxc6 Rxc6 22. Rhd1 Rd8 23. e5 Ne8 24. Ng5 h6 25. Ne4 Kf8 26. Nxd6 Nxd6 27. exd6 Rd7 28. Kc1 Kg7 29. c4 Kf6 30. Rd5 a4 31. Kc2 h5 32. a3 b3+ 33. Kc3 Kg7 34. R1d3 Kf6 35. g4 hxg4 36. fxg4 Kg7 37. Kd2 f6 38. Ke3 Kf7 39. h4 Rc8 40. Kf4 Rc6 41. h5 Kg7 42. hxg6 Kxg6 43. g5 fxg5+ 44. Rxg5+ Kf6 45. Rgd5 Rc8 46. Rh3 Rf8 47. Rf5+ Kg7 48. Rg3+ 1-0

[Event "SVK-chT2D 2122"]
[Site "Slovakia"]
[Date "2021.11.14"]
[Round "4.6"]
[White "Kovac, Stefan"]
[Black "Heinrich, Jan"]
[Result "1/2-1/2"]
[WhiteElo "1722"]
[BlackElo "1906"]
[PlyCount "84"]
[EventDate "2021.10.16"]
[EventType "team-tourn"]
[EventRounds "11"]
[EventCountry "SVK"]
[SourceTitle "EXT 2023"]
[Source "ChessBase"]
[SourceDate "2022.10.05"]
[SourceVersion "1"]
[SourceVersionDate "2022.10.05"]
[SourceQuality "1"]
[WhiteTeam "Michalovce Zemplin II"]
[BlackTeam "Moldava nad Bodvou"]
[WhiteTeamCountry "SVK"]
[BlackTeamCountry "SVK"]

1. c4 Nf6 2. Nc3 g6 3. d4 Bg7 4. e4 0-0 5. Nf3 d6 6. h3 Nbd7 7. Bd3 c5 8. d5 a6 9. 0-0 Nh5 10. Bd2 Ne5 11. Nxe5 Bxe5 12. f4 Bd4+ 13. Kh2 Bd7 14. Be2 Ng7 15. Qc1 e5 16. Bf3 exf4 17. Bxf4 Be5 18. Bxe5 dxe5 19. Qe3 b6 20. Rf2 Qb8 21. Raf1 f5 22. Qg5 Qd6 23. Kh1 f4 24. g4 b5 25. Rc2 b4 26. Nb1 Ne8 27. Rh2 Kg7 28. Qh4 h6 29. Nd2 g5 30. Qf2 Nf6 31. Bd1 a5 32. Rg1 a4 33. Qe1 a3 34. b3 Be8 35. Kg2 Bg6 36. Bf3 Rh8 37. Kf1 Qe7 38. Ke2 Rag8 39. Kd1 Kf7 40. Qf2 Ke8 41. Rgh1 Rh7 42. h4 Rgh8 1/2-1/2

[Event "SVK-chT2D 2122"]
[Site "Slovakia"]
[Date "2021.10.16"]
[Round "1.2"]
[White "Hagara, Martin"]
[Black "Heinrich, Jan"]
[Result "1-0"]
[WhiteElo "2171"]
[BlackElo "1906"]
[PlyCount "99"]
[EventDate "2021.10.16"]
[EventType "team-tourn"]
[EventRounds "11"]
[EventCountry "SVK"]
[SourceTitle "EXT 2023"]
[Source "ChessBase"]
[SourceDate "2022.10.05"]
[SourceVersion "1"]
[SourceVersionDate "2022.10.05"]
[SourceQuality "1"]
[WhiteTeam "Kezmarok"]
[BlackTeam "Moldava nad Bodvou"]
[WhiteTeamCountry "SVK"]
[BlackTeamCountry "SVK"]

1. e4 c5 2. Nf3 Nc6 3. Bb5 g6 4. 0-0 Bg7 5. c3 Nf6 6. Re1 0-0 7. d4 cxd4 8. cxd4 d5 9. exd5 Nxd5 10. Nc3 e6 11. Bxc6 bxc6 12. Ne4 Qb6 13. b3 a5 14. Ba3 Nb4 15. Nc5 Rd8 16. Qc1 Ba6 17. Bb2 Nd3 18. Nxd3 Bxd3 19. Ne5 Bxe5 20. Rxe5 Rd5 21. Qe3 Ba6 22. Rc1 Rad8 23. Rxe6 fxe6 24. Qxe6+ Kg7 25. Rxc6 Qb5 26. Rxa6 Qd7 27. Qxd7+ R8xd7 28. Ba3 Kf7 29. g3 Rxd4 30. Rxa5 h5 31. h4 Rd2 32. Bc5 Rc2 33. b4 Rdd2 34. a4 Ke6 35. Kg2 Rd3 36. Ra8 Ra2 37. a5 Kf5 38. Rf8+ Ke6 39. Re8+ Kf5 40. Rf8+ Ke6 41. Rb8 Kf5 42. Rb6 Rda3 43. Be7 Rd3 44. Rf6+ Ke4 45. Rxg6 Rdd2 46. Bc5 Rd1 47. Re6+ Kf5 48. Rh6 Raa1 49. Rxh5+ Ke4 50. f3+ 1-0

[Event "SVK-ch Amateurs"]
[Site "Topolcany"]
[Date "2021.08.09"]
[Round "7"]
[White "Heinrich, Jan"]
[Black "Jdaieh, Adel"]
[Result "1/2-1/2"]
[WhiteElo "1912"]
[BlackElo "1597"]
[PlyCount "43"]
[EventDate "2021.08.06"]
[EventType "swiss"]
[EventRounds "7"]
[EventCountry "SVK"]
[SourceTitle "EXT 2022"]
[Source "ChessBase"]
[SourceDate "2021.10.06"]
[SourceVersion "1"]
[SourceVersionDate "2021.10.06"]
[SourceQuality "1"]

1. d4 c5 2. Nf3 cxd4 3. Nxd4 Nc6 4. g3 e5 5. Nb3 d5 6. Bg2 Be6 7. 0-0 f5 8. Nc3 d4 9. Nb5 a6 10. Na3 Nf6 11. Nb1 Bd5 12. c3 Bxg2 13. Kxg2 Qd5+ 14. Kg1 Rd8 15. cxd4 exd4 16. Bf4 h6 17. Qc1 g5 18. Bd2 Ne4 19. f3 Nxd2 20. N1xd2 Bb4 21. Rd1 0-0 22. Qc4 1/2-1/2

[Event "SVK-chT2D 1920"]
[Site "Slovakia"]
[Date "2020.03.07"]
[Round "10.8"]
[White "Kopnicky, Frantisek"]
[Black "Heinrich, Jan"]
[Result "1/2-1/2"]
[WhiteElo "1841"]
[BlackElo "1978"]
[PlyCount "36"]
[EventDate "2019.10.26"]
[EventType "team-tourn"]
[EventRounds "11"]
[EventCountry "SVK"]
[SourceTitle "EXT 2022"]
[Source "ChessBase"]
[SourceDate "2021.10.06"]
[SourceVersion "1"]
[SourceVersionDate "2021.10.06"]
[SourceQuality "1"]
[WhiteTeam "Poprad LS VD"]
[BlackTeam "Moldava nad Bodvou"]
[WhiteTeamCountry "SVK"]
[BlackTeamCountry "SVK"]

1. e4 c5 2. Nf3 e6 3. d4 cxd4 4. Nxd4 a6 5. Nc3 d6 6. g3 Nf6 7. Bg2 Be7 8. 0-0 0-0 9. a4 Qc7 10. Be3 Nc6 11. Nxc6 bxc6 12. a5 Nd7 13. Qd2 d5 14. Na4 Rb8 15. Nb6 Nxb6 16. Bxb6 Qd7 17. Rfd1 Bd8 18. Bd4 f6 1/2-1/2

[Event "SVK-chT2D 1920"]
[Site "Slovakia"]
[Date "2020.01.26"]
[Round "7.8"]
[White "Tomondy, Miroslav"]
[Black "Heinrich, Jan"]
[Result "1/2-1/2"]
[WhiteElo "1985"]
[BlackElo "1978"]
[PlyCount "28"]
[EventDate "2019.10.26"]
[EventType "team-tourn"]
[EventRounds "11"]
[EventCountry "SVK"]
[SourceTitle "CBM 194 Extra"]
[Source "ChessBase"]
[SourceDate "2020.03.31"]
[SourceVersion "1"]
[SourceVersionDate "2020.03.31"]
[SourceQuality "1"]
[WhiteTeam "Kosice Slavia UPJS III"]
[BlackTeam "Moldava nad Bodvou"]
[WhiteTeamCountry "SVK"]
[BlackTeamCountry "SVK"]

1. d4 d5 2. c4 e6 3. Nf3 Nf6 4. Nc3 Be7 5. e3 0-0 6. Bd3 b6 7. cxd5 exd5 8. 0-0 Bb7 9. Ne5 Nbd7 10. f4 c5 11. Qf3 Rc8 12. Qh3 g6 13. Bd2 Nxe5 14. fxe5 Ne4 1/2-1/2

[Event "Puspokladany Arnoth Memorial 11th"]
[Site "Puspokladany"]
[Date "2018.07.26"]
[Round "3"]
[White "Heinrich, Jan"]
[Black "Magi, Tibor"]
[Result "1/2-1/2"]
[WhiteElo "1941"]
[BlackElo "1886"]
[PlyCount "60"]
[EventDate "2018.07.25"]
[EventType "swiss"]
[EventRounds "9"]
[EventCountry "HUN"]
[SourceTitle "CBM 186 Extra"]
[Source "ChessBase"]
[SourceDate "2018.08.24"]
[SourceVersion "1"]
[SourceVersionDate "2018.08.24"]
[SourceQuality "1"]

1. d4 c6 2. c4 Nf6 3. Nf3 g6 4. Nc3 Bg7 5. g3 Na6 6. Bg2 Nc7 7. 0-0 d5 8. cxd5 cxd5 9. Qb3 0-0 10. Bf4 e6 11. Rac1 Nce8 12. Nb5 Ne4 13. Rc2 a6 14. Nc7 Nxc7 15. Bxc7 Qd7 16. Rfc1 Nd6 17. Ba5 Re8 18. Ne5 Bxe5 19. dxe5 Nc4 20. Bc3 Qe7 21. Bd4 b5 22. Qd3 b4 23. b3 Na3 24. Rc7 Qg5 25. f4 Qh6 26. e4 Nb5 27. R7c5 dxe4 28. Bxe4 Rb8 29. Bb2 Bb7 30. Bxb7 Rxb7 1/2-1/2

[Event "SVK-chT2D 1718"]
[Site "Slovakia"]
[Date "2017.10.28"]
[Round "1.5"]
[White "Kardis, Benjamin"]
[Black "Heinrich, Jan"]
[Result "0-1"]
[WhiteElo "1820"]
[BlackElo "1948"]
[PlyCount "76"]
[EventDate "2017.10.28"]
[EventType "team-tourn"]
[EventRounds "11"]
[EventCountry "SVK"]
[SourceTitle "EXT 2019"]
[Source "ChessBase"]
[SourceDate "2018.10.10"]
[SourceVersion "1"]
[SourceVersionDate "2018.10.10"]
[SourceQuality "1"]
[WhiteTeam "Presov Slavia"]
[BlackTeam "Moldava nad Bodvou"]
[WhiteTeamCountry "SVK"]
[BlackTeamCountry "SVK"]

1. b3 e5 2. Bb2 Nc6 3. e3 Nf6 4. Bb5 d6 5. Bxc6+ bxc6 6. Ne2 Be7 7. 0-0 0-0 8. f4 e4 9. Nbc3 d5 10. Ng3 Bg4 11. Nce2 Nh5 12. Nxh5 Bxh5 13. h3 f5 14. g3 Bf6 15. Bxf6 Rxf6 16. Qe1 Bxe2 17. Qxe2 c5 18. Qb5 Qd6 19. Rad1 c6 20. Qe2 d4 21. d3 Qd5 22. dxe4 fxe4 23. Rfe1 Re8 24. Qc4 Rd6 25. Qxd5+ Rxd5 26. Kf1 dxe3 27. Ke2 Red8 28. Rxd5 cxd5 29. Kxe3 d4+ 30. Kd2 Re8 31. a3 Kf7 32. Rb1 Ke6 33. Rf1 Kd5 34. g4 c4 35. Kd1 cxb3 36. cxb3 e3 37. Ke2 Ke4 38. f5 Rc8 0-1

[Event "EU-Cup 33rd"]
[Site "Antalya"]
[Date "2017.10.08"]
[Round "1.4"]
[White "Kantane, Anna"]
[Black "Heinrich, Jan"]
[Result "1-0"]
[WhiteElo "2276"]
[BlackElo "1988"]
[PlyCount "83"]
[EventDate "2017.10.08"]
[EventType "team-swiss"]
[EventRounds "7"]
[EventCountry "TUR"]
[SourceTitle "CBM 181"]
[Source "ChessBase"]
[SourceDate "2017.11.10"]
[SourceVersion "1"]
[SourceVersionDate "2017.11.10"]
[SourceQuality "1"]
[WhiteTeam "Riga Technical Univ"]
[BlackTeam "Adare"]
[WhiteTeamCountry "LAT"]
[BlackTeamCountry "IRL"]

1. e4 c5 2. Nf3 Nc6 3. d4 cxd4 4. Nxd4 Nf6 5. Nc3 e5 6. Ndb5 d6 7. Bg5 a6 8. Na3 Be6 9. Nc4 Be7 10. Bxf6 gxf6 11. Ne3 0-0 12. Ncd5 Kh8 13. Bd3 Rg8 14. c3 Rb8 15. Qf3 b5 16. 0-0 a5 17. Nxe7 Qxe7 18. Nd5 Bxd5 19. exd5 Na7 20. Rae1 Rg5 21. Qh3 Rg7 22. Re4 f5 23. Qxf5 Rbg8 24. g3 f6 25. Rh4 Nc8 26. f4 Nb6 27. Qe6 Qd8 28. Rh6 Nc4 29. Bxc4 bxc4 30. Qxf6 Qb6+ 31. Rf2 exf4 32. Qxf4 a4 33. Rxd6 Qb8 34. Rf6 Qa7 35. Rf8 a3 36. Rxg8+ Rxg8 37. bxa3 Rb8 38. Qxc4 Rb1+ 39. Kg2 Rd1 40. Qc8+ Kg7 41. Qf8+ Kg6 42. Qf6+ 1-0

[Event "IRL-chT"]
[Site "Dublin"]
[Date "2016.04.23"]
[Round "1"]
[White "Heinrich, Jan"]
[Black "Redmond, Joshua"]
[Result "1-0"]
[WhiteElo "1892"]
[BlackElo "1682"]
[PlyCount "115"]
[EventDate "2016.04.23"]
[EventType "team-swiss"]
[EventRounds "4"]
[EventCountry "IRL"]
[SourceTitle "EXT 2023"]
[Source "ChessBase"]
[SourceDate "2022.10.05"]
[SourceVersion "1"]
[SourceVersionDate "2022.10.05"]
[SourceQuality "1"]

1. d4 d5 2. Nf3 Nf6 3. c4 e6 4. g3 Be7 5. Nbd2 0-0 6. Bg2 c5 7. 0-0 Nc6 8. cxd5 exd5 9. dxc5 Bxc5 10. Nb3 Bb6 11. Nbd4 Re8 12. e3 Bg4 13. Nxc6 bxc6 14. Qc2 Qd7 15. b3 Rac8 16. Bb2 Ne4 17. Ne5 Rxe5 18. Bxe5 Bf5 19. Qb2 f6 20. Bd4 c5 21. Bc3 d4 22. exd4 cxd4 23. Bd2 d3 24. Rac1 Re8 25. Be3 Bxe3 26. fxe3 Bh3 27. Qd4 Qxd4 28. exd4 Bxg2 29. Kxg2 d2 30. Rcd1 Rc8 31. Kf3 f5 32. g4 g6 33. gxf5 gxf5 34. Kf4 Rc2 35. Kxf5 Nc3 36. a3 Nxd1 37. Rxd1 Kf7 38. Ke4 Rb2 39. b4 Ra2 40. Kd5 Ke7 41. Kc4 Rxa3 42. Rxd2 Kd6 43. Rd3 Ra2 44. Rh3 Rc2+ 45. Kb3 Rc7 46. Rh5 a6 47. Rh6+ Kd5 48. Rxa6 Kxd4 49. Rd6+ Ke5 50. Rd2 h5 51. b5 Rc1 52. Kb4 Rb1+ 53. Kc5 Rc1+ 54. Kb6 Rb1 55. Kc6 h4 56. b6 h3 57. b7 Ke4 58. Rd8 1-0

[Event "EU-Cup 31st"]
[Site "Skopje"]
[Date "2015.10.20"]
[Round "3.3"]
[White "Koykka, Pekka"]
[Black "Heinrich, Jan"]
[Result "1/2-1/2"]
[WhiteElo "2316"]
[BlackElo "1990"]
[PlyCount "56"]
[EventDate "2015.10.18"]
[EventType "team-swiss"]
[EventRounds "7"]
[EventCountry "MKD"]
[SourceTitle "CBM 169"]
[Source "ChessBase"]
[SourceDate "2015.11.10"]
[SourceVersion "1"]
[SourceVersionDate "2015.11.10"]
[SourceQuality "1"]
[WhiteTeam "Tammer Shakki"]
[BlackTeam "Adare"]
[WhiteTeamCountry "FIN"]
[BlackTeamCountry "IRL"]

1. d4 d5 2. c4 e6 3. Nf3 Nf6 4. Nc3 Be7 5. Bf4 0-0 6. e3 c6 7. c5 b5 8. b4 a5 9. a4 axb4 10. axb5 Rxa1 11. Qxa1 bxc3 12. Bxb8 cxb5 13. Qxc3 Bd7 14. Ba7 Qa8 15. Bb6 Qa4 16. Bd3 b4 17. Qb2 Bb5 18. Bxb5 Qxb5 19. Qe2 Qc4 20. Nd2 Qc3 21. 0-0 Ra8 22. Rd1 Ra2 23. Qe1 b3 24. f3 Rc2 25. Nb1 Qb2 26. Nd2 Qc3 27. Nb1 Qb2 28. Nd2 Qc3 1/2-1/2

[Event "SVK-chT2D 14/15"]
[Site "Slovakia"]
[Date "2015.02.14"]
[Round "8.5"]
[White "Zrost, Rudolf"]
[Black "Heinrich, Jan"]
[Result "1/2-1/2"]
[WhiteElo "1966"]
[BlackElo "2013"]
[PlyCount "45"]
[EventDate "2014.10.11"]
[EventType "team-tourn"]
[EventRounds "11"]
[EventCountry "SVK"]
[SourceTitle "EXT 2019"]
[Source "ChessBase"]
[SourceDate "2018.10.10"]
[SourceVersion "1"]
[SourceVersionDate "2018.10.10"]
[SourceQuality "1"]
[WhiteTeam "Spisska Nova Ves"]
[BlackTeam "Moldava nad Bodvou"]
[WhiteTeamCountry "SVK"]
[BlackTeamCountry "SVK"]

1. d4 Nf6 2. Nf3 g6 3. g3 Bg7 4. Bg2 d6 5. 0-0 0-0 6. Re1 c6 7. h3 Nbd7 8. Nbd2 Qc7 9. c3 e5 10. dxe5 dxe5 11. e4 Nc5 12. Qc2 Nh5 13. b4 Ne6 14. Bb2 Re8 15. Nc4 Nf8 16. Rad1 Be6 17. Ne3 Rad8 18. a3 Rxd1 19. Rxd1 Rd8 20. Ng5 Bc8 21. Bc1 Ne6 22. Nxe6 Bxe6 23. Bf1 1/2-1/2